00474nam a2200193 a 4500001001300000003000900013005001700022008004100039020001000080082001600090100002500106245001800131260003000149300000900179500003500188505001000223650002200233700002500255nice12345678IN_TiNIC20260116013420.0050524s1968 caia grp 000 0 eng  ac10000a892.73bSAL aSalam, Mohd Zaghlool aAsaarul Quran aCairobDarul Matba`c1968 a393p aincludes index and biblioraphy2 aIndex aArabic-Literature1 aSalam, Mohd Zaghlool